LEADER 00804nam0 2200253 450 001 000010724 005 20080506085517.0 010 $a0-07-070610-7 100 $a20080506d1987----km-y0itay50------ba 101 0 $aeng 102 $aUS 105 $ay-------001yy 200 1 $aAuditing concepts and methods$ea guide to current auditing theory and practice$fD. R. Carmichael, John J. Willingham 205 $a4th ed. 210 $aNew York [etc.]$cMcGraw-Hill$d1987 215 $aXIII, 569 p.$d24 cm 676 $a657.45$v18 700 1$aCarmichael,$bDouglas R.$0105417 701 1$aWillingham,$bJohn J.$0113622 801 0$aIT$bUNIPARTHENOPE$c20080506$gRICA$2UNIMARC 912 $a000010724 951 $a657.45/100$b29198$cNAVA1 996 $aAuditing concepts and methods$91204020 997 $aUNIPARTHENOPE LEADER 01163nam 2200337 450 001 9910220141603321 005 20230808191608.0 010 $a0-8330-9404-1 035 $a(CKB)3710000000595110 035 $a(WaSeSS)IndRDA00120812 035 $a(EXLCZ)993710000000595110 100 $a20200608d2016 uy 0 101 0 $aeng 135 $aur||||||||||| 181 $ctxt$2rdacontent 182 $cc$2rdamedia 183 $acr$2rdacarrier 200 10$aDevelopment of the Robert Wood Johnson Foundation National Survey of Health Attitudes $edescription and top-line summary data /$fKatherine Grace Carman [and nine others] 210 1$aSanta Monica, California :$cRAND Corporation,$d2016. 215 $a1 online resource (74 pages) 320 $aIncludes bibliographical references. 606 $aHealth surveys$zUnited States 615 0$aHealth surveys 676 $a614.4273 700 $aCarman$b Katherine Grace$0913890 801 0$bWaSeSS 801 1$bWaSeSS 906 $aBOOK 912 $a9910220141603321 996 $aDevelopment of the Robert Wood Johnson Foundation National Survey of Health Attitudes$92047571 997 $aUNINA